000 00826nam a2200253 i 4500
001 bg
100 1 _aJanowicz, Eugeniusz
_c(finanse).
245 1 0 _aRozwój gospodarczy ekologicznie zrównoważony :
_b(materiał pomocniczy dla studentów) /
_cEugeniusz Janowicz ; Wyższa Szkoła Zarządzania.
260 _aSłupsk :
_bWydaw. Uczelniane WSZ,
_c2000.
300 _a36 s. :
_bil. ;
_c22 cm.
504 _aBibliogr.
650 9 _aGospodarka a ochrona środowiska
650 9 _aOchrona środowiska
_xpolityka
655 _aPodręczniki akademickie
710 0 _aWyższa Szkoła Zarządzania (Słupsk)
015 _aPB 16304/2000
020 _a8390711192
040 _cBPK
041 0 _apol
080 _a504.03:338.2](075.8)
920 _a83-907111-9-2
942 _cKS
008 s pl f |000 0 pol
999 _c51261
_d51261
856 _uhttp://koha.tu.koszalin.pl/cgi-bin/koha/opac-detail.pl?biblionumber=51261
_yKatalog online BPK